00964cam a2200265 a 4500001000800000005001700008008004100025010001700066020001500083035002000098040002000118041000800138042001400146080001200160082001600172100000600188101000800194245024400202246002600446504004100472906004500513942001200558999001700570952011100587258311520180125084546.0961223s1996 wiua b s100 0 eng d a 96080281  a0891181326 a(OCoLC)36824239 aMnSUcMnSUdDLC aeng alccopycat a631 ROB00a631 ROB221 a9 aMJE10aProceedings of the Third International Conference on Precision Agriculture :ceditors P.C. Robert, R.H. Rust, and W.E. Larson ; conducted by the Precision Agriculture Center, Department of Soil, Water, and Climate, University of Minnesota.18aPrecision agriculture aIncludes bibliographical references. a7bcbcccopycatd2eopcnf19gy-gencatlg 2ddccBK c40962d40962 00102udc40708PËKGa002b002cPËKGd2018-01-25l0o631 ROBp002-2996542r2018-01-25w2018-01-25yBK